000 00617nam a2200253Ia 4500
005 20250425161828.0
008 250425s9999 xx 000 0 und d
020 _a9978921648
041 _aspa
043 _aec
082 _a352.0072
100 _aINFOPLAN
245 0 _aDESARROLLO SOCIAL Y GESTION MUNICIPAL EN EL ECUADOR: JERARQUIZACION Y TUPOLOGIA
250 _a1A ED.
260 _aEcuador
_bABYA -YALA
_c1999
260 _aQUITO
300 _a119
650 _aADMINISTRACION-MUNICIPIOS
650 _aDESARROLLO
650 _aGESTION
710 _aINFOPLAN
942 _c01
010 _a31394
999 _c216946
_d216946